00985nam a2200301 i 4500001000300000003000400003005001700007008003900024020001500063040000800078041000800086080001000094080001000104080001200114100002600126245011000152250002300262260004700285300002800332490004300360504002200403650002500425655003000450650003100480700003100511830004300542856009800585bgBPK20220321135228.0030308s2003 pl f |000 0 pol a8389020106 cBPK0 apol a517.4 a517.9 a(075.8)1 aGewert, MarianeAutor10aRównania różniczkowe zwyczajne :bteoria, przykłady, zadania /cMarian Gewert, Zbigniew Skoczylas. aWyd. 8 powiększ. aWrocław :bOficyna Wydawnicza GiS,c2003. a273 s. :bil. ;c24 cm.1 aMatematyka dla Studentów Politechnik aBibliogr. Indeks. 4aRachunek operatorowy 4aPodręczniki akademickie 4aRównania różniczkowe1 aSkoczylas, ZbignieweAutor aMatematyka dla Studentów Politechnik uhttp://koha.tu.koszalin.pl/cgi-bin/koha/opac-detail.pl?biblionumber=53468yKatalog online BPK